000
00283nam a2200121Ia 4500
008
191201s2019 xx 000 0 und d
100
_a
LIM, Bill P S
245
0
_a
Dare to Fail
260
_a
N.Delhi
_b
Hardknocks Factory
300
_a
339
650
_a
General Books
942
_2
ddc
_c
BK
999
_c
1546
_d
1546